WWE Released Wrestlers 2024 - Statistics

General Stats
  • This quiz has been taken 17 times
  • The average score is 3 of 25
Answer Stats
Month Brand Wrestler % Correct
August SmackDown Bobby Lashley
60%
June Raw Ricochet
40%
November SmackDown Indi Hartwell
33%
November SmackDown Baron Corbin
27%
May NXT Drew Gulak
13%
April Raw Jinder Mahal
13%
September Raw Odyssey Jones
13%
November SmackDown Tegan Nox
13%
February NXT Amari Miller
7%
June Raw Becky Lynch
7%
May NXT Boa
7%
April SmackDown Cameron Grimes
7%
July NXT Damon Kemp
7%
June Raw Dijak
7%
May NXT Gable Steveson
7%
April NXT Guru Raaj
7%
May NXT Kiyah Saint
7%
April Raw Sanga
7%
May NXT Scrypts
7%
May NXT Trey Bearhill
7%
May NXT Valentina Feroz
7%
April Raw Veer
7%
April NXT Von Wagner
7%
April Raw Xia Li
7%
April Free agent Xyon Quinn
7%
No matching quizzes found
Score Distribution
Percent of People with Each Score
Percentile by Number Answered
Your Score History
You have not taken this quiz